The meaning of history

Tallennettuna:
Bibliografiset tiedot
Päätekijä: Kahler, Erich
Aineistotyyppi: Kirja
Kieli:Undetermined
Julkaistu: New York G. Braziller 1964
Aiheet:
Tagit: Lisää tagi
Ei tageja, Lisää ensimmäinen tagi!
Thư viện lưu trữ: Trung tâm Học liệu Trường Đại học Cần Thơ
LEADER 00508nam a2200193Ia 4500
001 CTU_109382
008 210402s9999 xx 000 0 und d
082 |a 901 
082 |b K12 
100 |a Kahler, Erich 
245 4 |a The meaning of history 
245 0 |c Erich Kahler 
260 |a New York 
260 |b G. Braziller 
260 |c 1964 
650 |a History,Historiography 
650 |x Philosophy 
904 |i Minh, Q. Hiếu (sửa) 
980 |a Trung tâm Học liệu Trường Đại học Cần Thơ